| 000 | 00701nam a2200205Ii 4500 | ||
|---|---|---|---|
| 003 | JO-AjNU | ||
| 008 | 230605s9999||||xx |||||||||||||| ||und|| | ||
| 040 |
_aJO-AjNU _bara _erda _cJO-AjNU |
||
| 041 | _aara | ||
| 050 | 1 | 4 | _aPR1309 1982 |
| 100 | 3 |
_aتأليف سيللك،رزان ؛ ترجمة عيسى فتوح, _eauthor _917898 |
|
| 245 | 0 | 0 | _aالمزمار العجيب: قصص وحكايات للأطفال |
| 250 | _aط1 | ||
| 264 | 3 | 1 | _aدمشق: مكتبة ميسلون، 1982 |
| 300 | _a173ص | ||
| 336 |
_atext _btxt _2rdacontent |
||
| 337 |
_aunmediated _bn _2rdamedia |
||
| 338 |
_avolume _bnc _2rdacarrier |
||
| 650 | 4 |
_aالأدب العربي - قصص أطفال - حكايات _917899 |
|
| 999 |
_aA5624 _c9192 _d9192 |
||